| 000 | 00644nam a2200229 a 4500 | ||
|---|---|---|---|
| 008 | |||
| 020 | _a8123900333 (hbk. ) | ||
| 049 | _aMAIN | ||
| 090 | _aTA683.44 GOY | ||
| 100 | _aGoyal, Jagvir | ||
| 245 | 1 | 0 |
_aR.C.C structure constructions through slip-forming / _cJagvir Goyal. |
| 260 |
_aDelhi : _bCBS. ; _c1992 |
||
| 300 |
_aviii, 131p. : _bill. ; _c23 cm. |
||
| 500 | _aIncludes index. | ||
| 650 | _aConstruction. | ||
| 650 | 1 |
_aSlipform _xConstruction. |
|
| 907 |
_a.b1023388x _b10-09-07 _c21-02-07 |
||
| 003 | |||
| 005 | 20230123134502.0 | ||
| 040 | _cNUST | ||
| 942 |
_cBOOKS _kTA683.44 GOY |
||
| 999 |
_c166746 _d166746 |
||